| 000 | 00487nam a2200193Ia 4500 | ||
|---|---|---|---|
| 008 | 170918s9999 xx 000 0 und d | ||
| 020 | _a9780439873772 | ||
| 050 | _bM596 2005 | ||
| 100 | _aMetzger, Steve | ||
| 245 | _aWe're going on a leaf hunt / | ||
| 245 | _cSteve Metzger ; illustrated by Miki Sakamoto. | ||
| 260 | _aNew York : | ||
| 260 | _bScholastic, | ||
| 260 | _c2005 | ||
| 300 | _aunpaged : | ||
| 300 | _bcolored illustration ; | ||
| 300 | _c26cm. | ||
| 500 | _a130 | ||
| 999 |
_c340976 _d340976 |
||